Potential for using in vitro techniques for collecting germplasm (Record no. 43488)

MARC details
000 -LEADER
fixed length control field 00296nam a2200109Ia 4500
082 ## - DEWEY DECIMAL CLASSIFICATION NUMBER
Classification number 575.22
Item number POT
245 #0 - TITLE STATEMENT
Title Potential for using in vitro techniques for collecting germplasm
260 ## - PUBLICATION, DISTRIBUTION, ETC. (IMPRINT)
Place of publication Rome
Name of publisher IBPGR
Year of publication 1984
650 ## - SUBJECT ADDED ENTRY--TOPICAL TERM
Topical Term Germplasm
942 ## - ADDED ENTRY ELEMENTS (KOHA)
Koha item type Books
Holdings
Withdrawn status Lost status Damaged status Not for loan Home library Current library Date acquired Source of acquisition Full call number Accession Number Koha item type
        RRII Library RRII Library 16/12/2021 Gift 575.22 POT G00239 Books